Máme dobrý obraz o slovenskej ekonomike? O nevyhnutnosti používania ukazovateľov trhového hospodárstva
Pripomienky k informáciám o výsledkoch hospodárstva SR, ktoré uverejnil Štatistický úrad SR v júli 1993 pod názvom Vývoj hrubého domáceho produktu a národného dôchodku v SR podľa štvrťrokov za obdobie rokov 1990 - 1992.
Guardado en:
| Autor principal: | |
|---|---|
| Formato: | Capítulo de libro |
| Lenguaje: | eslovaco |
| Materias: | |
| Etiquetas: |
Sin Etiquetas, Sea el primero en etiquetar este registro!
|
MARC
| LEADER | 00000naa a2200000 4500 | ||
|---|---|---|---|
| 001 | r013859 | ||
| 005 | 20221214064801.1 | ||
| 041 | 0 | |a slo | |
| 044 | |a SK | ||
| 245 | 1 | 0 | |a Máme dobrý obraz o slovenskej ekonomike? |b O nevyhnutnosti používania ukazovateľov trhového hospodárstva |c Jaroslav Husár |
| 520 | |a Pripomienky k informáciám o výsledkoch hospodárstva SR, ktoré uverejnil Štatistický úrad SR v júli 1993 pod názvom Vývoj hrubého domáceho produktu a národného dôchodku v SR podľa štvrťrokov za obdobie rokov 1990 - 1992. | ||
| 610 | 2 | 0 | |a rozvoj hospodársky |
| 610 | 2 | 0 | |a hospodárstvo národné |
| 610 | 2 | 0 | |a Slovensko |
| 610 | 2 | 0 | |a údaje štatistické |
| 610 | 2 | 0 | |a 1990-1992 |
| 610 | 2 | 0 | |a produkt domáci hrubý |
| 610 | 2 | 0 | |a dôchodok národný |
| 610 | 2 | 0 | |a ukazovatele ekonomické |
| 100 | 1 | |a Husár, Jaroslav | |